| 000 | 00910nam a2200229 a 4500 | ||
|---|---|---|---|
| 001 | 70962 | ||
| 003 | BD-RjUL | ||
| 005 | 20211209082049.0 | ||
| 008 | 170423s1983 bg a|||| |||| 000 0 ben d | ||
| 020 | _c: Tk. 7.00 | ||
| 035 | _a(BD-RjUL)71176 | ||
| 040 |
_aBD-RjUL _bben _cBD-RjUL _dBD-RjUL |
||
| 041 | _aben | ||
| 082 |
_223 _a639.2 _bKUB 1983 |
||
| 100 | 1 |
_aকুদদুস, মিয়াঁ মুহাম্মদ আবদুস _9209987 |
|
| 245 | 1 | 0 |
_aবঙ্গোপসাগরের মাৎস্য সম্পদ / _cমিয়াঁ মুহাম্মদ আবদুস কুদদুস |
| 260 |
_aঢাকা : _bবাংলা একাডেমী, _c১৯৮৩ [১৩৯০] |
||
| 300 |
_a৪৭৬ পৃ. : _bচিত্র. ; _c২৫ সেমি. |
||
| 650 |
_aমৎস্য সম্পদ _9209988 |
||
| 650 |
_aFishery resources _9209989 |
||
| 942 |
_2ddc _cBK |
||
| 999 |
_c70962 _d70962 |
||